000 00517nam a2200169 4500
001 567
005 20181127161648.0
008 040528s2004 mau 000 0 eng
010 _a 2004108075
020 _a1413001823
100 1 _aMurray, Donald M.
245 1 0 _aInstructor's manual to accompany "Write to learn" /
_cDonald M. Murray.
250 _a7th ed.
260 _aFort Worth, TX:
_bHarcourt College Publishers,
_c2002.
300 _a115 p.
650 _aEnglish language --Rhetoric --Study and teaching.
_v
_x
_y
_z
_2
999 _c430
_d430